[Event "Stavropol Cup"]
[Site "Stavropol"]
[Date "2019.05.12"]
[Round "6"]
[White "Morev, Efim"]
[Black "Nechaev, Oleg"]
[Result "0-1"]
[WhiteElo "1255"]
[BlackElo "2371"]
[PlyCount "82"]
[EventDate "2019.05.11"]
[EventType "swiss (rapid)"]
[EventRounds "9"]
[EventCountry "RUS"]
[SourceTitle "CBM 190 Extra"]
[Source "ChessBase"]
[SourceDate "2019.07.15"]
[SourceVersion "1"]
[SourceVersionDate "2019.07.15"]
[SourceQuality "1"]

1. d4 c5 2. c3 Nf6 3. Nf3 g6 4. Bg5 Bg7 5. e3 b6 6. Nbd2 Bb7 7. Bd3 d6 8. 0-0 0-0 9. Re1 Qc7 10. e4 e5 11. dxe5 dxe5 12. Nc4 Nc6 13. Bc2 Rad8 14. Qc1 Rfe8 15. Ne3 Ne7 16. Nc4 Nc6 17. Ne3 Nb8 18. Bxf6 Bxf6 19. Ng4 Bg7 20. Qg5 Qe7 21. Qxe7 Rxe7 22. Rad1 Rf8 23. Bb3 h5 24. Ne3 Bxe4 25. Ng5 Bb7 26. Nc4 b5 27. Nd6 c4 28. Bc2 Bc6 29. Ndxf7 Rexf7 30. Nxf7 Kxf7 31. Rd6 Bf6 32. Be4 Rc8 33. Bxc6 Rxc6 34. Rxc6 Nxc6 35. Rd1 Ke6 36. f3 b4 37. Kf2 e4 38. Rc1 Ne5 39. Ke2 Nd3 40. Rc2 Bxc3 41. bxc3 b3 0-1

[Event "Stavropol Cup"]
[Site "Stavropol"]
[Date "2019.05.11"]
[Round "4"]
[White "Morev, Efim"]
[Black "Tekeyev, Zaur"]
[Result "0-1"]
[WhiteElo "1255"]
[BlackElo "2386"]
[PlyCount "110"]
[EventDate "2019.05.11"]
[EventType "swiss (rapid)"]
[EventRounds "9"]
[EventCountry "RUS"]
[SourceTitle "CBM 190 Extra"]
[Source "ChessBase"]
[SourceDate "2019.07.15"]
[SourceVersion "1"]
[SourceVersionDate "2019.07.15"]
[SourceQuality "1"]

1. d4 Nf6 2. Nf3 g6 3. Bg5 Bg7 4. e3 0-0 5. c4 Ne4 6. Bh4 c5 7. Bd3 Qa5+ 8. Nbd2 Nxd2 9. Qxd2 Qxd2+ 10. Kxd2 Re8 11. Rab1 d6 12. a3 cxd4 13. exd4 Bg4 14. d5 e5 15. dxe6 Bxe6 16. Rhe1 Nc6 17. Bg3 d5 18. Ng5 Bh6 19. Bf4 Bxg5 20. Bxg5 dxc4 21. Be4 Na5 22. Kc3 Kg7 23. Rbd1 Rac8 24. Be3 b6 25. Bd4+ f6 26. Be3 Nb3 27. Rd6 Bf7 28. Bd5 Nc5 29. Bc6 Re5 30. Red1 Nd3 31. Bd4 Re6 32. Rxe6 Bxe6 33. Be4 Nf4 34. Be3 g5 35. g3 Ng6 36. Rd6 Kf7 37. Bd5 Bxd5 38. Rxd5 Ne5 39. f4 Ke6 40. Rd2 Ng4 41. Bd4 gxf4 42. gxf4 Kf5 43. h3 Nh6 44. Rg2 Nf7 45. Rg7 Nd6 46. Rxh7 Nb5+ 47. Kd2 Nxd4 48. Ke3 Nb3 49. Rxa7 Re8+ 50. Kf3 Nd4+ 51. Kg3 Re3+ 52. Kf2 Rxh3 53. Rd7 Ke4 54. Rd6 Rh2+ 55. Kg3 Nf5+ 0-1